[Event "Stuttgart-chB int"]
[Site "Gerlingen"]
[Date "2011.06.02"]
[Round "1"]
[White "Pelezki, Jurij"]
[Black "Schmidt, Tobias"]
[Result "0-1"]
[WhiteElo "1822"]
[BlackElo "1580"]
[PlyCount "154"]
[EventDate "2011.06.02"]
[EventType "swiss"]
[EventRounds "7"]
[EventCountry "GER"]
[SourceTitle "EXT 2018"]
[Source "ChessBase"]
[SourceDate "2017.10.13"]
[SourceVersion "1"]
[SourceVersionDate "2017.10.13"]
[SourceQuality "1"]

1. Nf3 d5 2. d4 Nf6 3. g3 e6 4. Nbd2 c5 5. b3 b6 6. Bb2 Nbd7 7. Bg2 Bb7 8. 0-0 Be7 9. Rc1 0-0 10. c4 Rc8 11. Re1 Re8 12. cxd5 Bxd5 13. e4 Bb7 14. e5 Nd5 15. Ne4 Rc7 16. Qd2 h6 17. Qd3 Nb4 18. Qb1 Bxe4 19. Rxe4 cxd4 20. Rxd4 Rxc1+ 21. Bxc1 Nc6 22. Re4 Qc7 23. Bb2 Rd8 24. Qc1 Nc5 25. Rg4 h5 26. Rc4 Qd7 27. Ne1 Nb8 28. Rd4 Qc7 29. Rc4 Qd7 30. Bf3 g6 31. b4 Nca6 32. a3 Qd2 33. Qb1 Qd7 34. Nc2 Rc8 35. Rd4 Qc7 36. Ne3 Rd8 37. Qe4 Rxd4 38. Qxd4 Qd7 39. Qc4 Qc7 40. Qb5 Qd7 41. Qe2 Nc7 42. Qc4 Nca6 43. Bc3 Qc7 44. Qd3 Qd7 45. Qe2 Nc7 46. Be4 Nb5 47. Bb2 Nd4 48. Qd3 Nf3+ 49. Kh1 Qxd3 50. Bxd3 Nd7 51. Bc3 Nfxe5 52. Bb5 Bf6 53. f4 Ng4 54. Nxg4 hxg4 55. Bd2 Nb8 56. Be2 Bb2 57. a4 f5 58. a5 Bd4 59. Bb5 Kf7 60. a6 Ke7 61. Bc4 Nd7 62. Kg2 Nf6 63. b5 Ne4 64. Bb4+ Bc5 65. Be1 Kd6 66. Kf1 Bd4 67. Bb4+ Bc5 68. Be1 g5 69. Kg2 gxf4 70. gxf4 Be3 71. Bg3 Nf6 72. Kf1 Nd5 73. Ke2 Bxf4 74. Bxf4+ Nxf4+ 75. Ke3 Nd5+ 76. Kf2 Kc5 77. Bf1 Nc7 0-1